Générique Pat' Patrouille - Paroles - Statistiques

Statistiques générales
  • Ce quiz a été pris 275 fois
  • Le résultat moyen est 16 sur 20
Statistiques - réponses
Paroles % Correct
Pat' Patrouille, Pat' {Patrouille}
100%
Vite, ils repartent en {vadrouille}
90%
Pat' Patrouille, Pat' {Patrouille}
87%
Pat' Patrouille, Pat' {Patrouille}
87%
Dans la grande {vallée}
86%
Dès qu'il y a un {souci}
84%
Viendront s'en {occuper}
83%
Vite, ils repartent en {vadrouille}
82%
Dès qu'il y a une {embrouille}
80%
Pat' {Patrouille}
80%
Rocky, Zuma, {Stella}
80%
Ryder et les {chiots}, ses amis
80%
Pat' Patrouille, Pat' {Patrouille}
78%
Who-oh-oh-oh, Pat' {Patrouille}
77%
Who-oh-oh-oh, Pat' {Patrouille}
77%
Rien n'est trop {dur}
74%
Marcus, Ruben, {Chase}
68%
Les rois de la {débrouille}
66%
Les chiots {assurent}
63%
Yeah, ils vont {arriver}
60%
Aucun quiz correspondant
Distribution des résultats
% des personnes avec chaque résultat
Percentile par nombre de réponses
Votre historique - résultats
Vous n’avez pas pris ce quiz